000 00589nam a2200205Ia 4500
003 OSt
005 20240108111807.0
008 210210b1987 xxu||||| |||| 00| 0 eng d
040 _cAL
041 _aKannada
082 _aK894.8 SVAM
100 _a-
_9147611
245 _aSvami Vivekananda kratisangraha.
_bಸ್ವಾಮಿ ವಿವೇಕಾನಂದರ ಕೃತಿಸಂಗ್ರಹ
260 _aMaisuru
_bShri Ramakrashnashrama
_c1987
300 _a515
650 _aSwami Vivekananda
_9147612
690 _aKannada Miscellaneous
_9147613
906 _a040722
942 _2ddc
_cBK
999 _c90671
_d90671